000 00578nam a2200241Ia 4500
003 OSt
005 20221005131144.0
006 a|||||r|||| 00| 0
007 ta
008 221004b |||||||| |||| 00| 0 urd d
024 _a9801
037 _cTextual
040 _aCRL
_cCRL
_burd
041 _2urd
_aurd
082 _aS:7, 168N85
100 _aSajida Zaidi
245 0 _aShakhsiyat ke nazaryat
260 _c1985
650 _a PSYCHOLOGY
650 _aURDU LITERATURE
942 _hS:7, 168N85
_cTEXL
_2cc
999 _c1059486
_d1059486